01034nam a2200265 u 450000100070000000500170000700700100002400800410003403500110007504000130008604100080009910000570010724501140016426000730027830000130035165000340036465000340039865000550043270000490048770000460053670000360058277301190061894200120073799900190074998326220240201203539.0co|||||||060711s2004 spa  a983262 ccomduadb aspa10aSánchez Jiménez, Miryan Margot4auteaut937301210aEvaluacion de una PCR multiple para la identificacion de salmonella serovar enteritidis y serovar typhimurium aMedellín :bUniversidad de Antioquia. Facultad de Medicina,c2004. a1 CD-ROM aSalmonella enteritidis969790 aSalmonella typhimurium959164 aPCR (Reacción en cadena de la polimerasa)97379310aCardona Castro, Nora Maria4auteaut935514610aCanu, Nunzia Alessandra4auteaut941920110aUzzau, Sergio4auteaut94192020 tTópicos selectos de infectología 2004 : enfermedades infecciosas de impacto en salud públicaw9815670390620 cBOOKn0 c389158d389158